Nachkommastellen von Pi in 15 Sekunden - Statistiken

Allgemein
  • Dieses Quiz wurde 13.000 mal gespielt
    10.426 seit der letzten Aktualisierung
  • Das Durchschnittsergebnis liegt bei 8 aus 50
Antwortstatistiken
Ziffern % Korrekt
1
100%
4
98%
1
92%
5
84%
9
69%
2
56%
6
44%
5
33%
3
27%
5
22%
8
17%
9
15%
7
13%
9
11%
3
10%
2
9%
3
9%
8
7%
4
6%
6
6%
2
5%
6
5%
3
4%
4
4%
2
3%
3
3%
3
3%
8
3%
0
2%
5
2%
7
2%
9
2%
1
1%
1
1%
2
1%
4
1%
6
1%
7
1%
8
1%
8
1%
9
1%
0
0%
1
0%
3
0%
3
0%
5
0%
7
0%
9
0%
9
0%
9
0%
Keine übereinstimmenden Quizze gefunden
Verteilung der Resultate
Anzahl Personen mit jedem Resultat
Perzentil nach korrekt beantworteten Fragen
Ihre Resultats-Entwicklung
Sie haben dieses Quiz seit der letzten Aktualisierung nicht gespielt